Statistics for Biggest Non-Coastal Cities

Click here to take the quiz!

General Stats

  • This quiz has been taken 35 times
  • The average score is 34 of 57

Answer Stats

PopulationCityContinent% Correct
22,200,000CairoAfrica
97%
9,900,000ChicagoNorth America
97%
33,400,000DelhiAsia
97%
24,900,000Mexico CityNorth America
97%
18,800,000MoscowEurope
97%
11,400,000ParisEurope
94%
23,000,000São PauloSouth America
90%
10,200,000BogotáSouth America
87%
14,800,000LondonEurope
87%
7,550,000TorontoNorth America
87%
20,900,000BeijingAsia
84%
11,800,000WuhanAsia
84%
7,550,000DallasNorth America
81%
14,800,000JohannesburgAfrica
81%
6,850,000MadridEurope
81%
9,150,000RiyadhAsia
81%
11,100,000HyderabadAsia
77%
14,400,000LahoreAsia
77%
7,500,000BaghdadAsia
74%
13,700,000BangaloreAsia
74%
16,600,000ChengduAsia
74%
10,500,000ChongqingAsia
74%
12,300,000Xi'anAsia
74%
6,100,000AtlantaNorth America
71%
21,300,000DhakaAsia
68%
15,000,000KinshasaAfrica
68%
5,750,000GuadalajaraNorth America
65%
7,050,000HoustonNorth America
65%
7,550,000PhiladelphiaNorth America
65%
5,200,000AnkaraAsia
61%
5,850,000MonterreyNorth America
58%
8,800,000Washington D.C.North America
58%
7,000,000HanoiAsia
55%
6,850,000KhartoumAfrica
55%
6,100,000MilanEurope
55%
8,050,000SantiagoSouth America
55%
9,300,000AhmedabadAsia
52%
5,850,000DetroitNorth America
48%
9,050,000NanjingAsia
48%
5,400,000HarbinAsia
45%
6,550,000NairobiAfrica
45%
5,200,000KanoAfrica
42%
6,250,000KunmingAsia
42%
7,550,000PuneAsia
42%
5,150,000Belo HorizonteSouth America
35%
17,400,000KolkataAsia
35%
5,850,000AmmanAsia
32%
8,550,000ShenyangAsia
29%
9,450,000ZhengzhouAsia
29%
10,500,000ChangshaAsia
26%
7,500,000HefeiAsia
26%
5,100,000NanningAsia
26%
16,200,000TeheranAsia
23%
6,350,000JinanAsia
19%
6,900,000BandungAsia
16%
6,000,000ShijiazhuangAsia
13%
5,750,000TaiyuanAsia
3%

Score Distribution

Percentile by Number Answered

Percent of People with Each Score

Your Score History

You have not taken this quiz